Logo BPK

Biblioteka

Politechniki Koszalińskiej

System rynkowy : (Rekord nr 31979)

Szczegóły MARC
000 -ETYKIETA REKORDU
podpole kontrolne o stałej długości 00946nam a2200289 i 4500
001 - NUMER KONTROLNY REKORDU
pole kontrolne bg
003 - IDENTYFIKATOR NUMERU KONTROLNEGO REKORDU
podpole kontrolne BPK
005 - DATA OSTATNIEJ MODYFIKACJI REKORDU
podpole kontrolne 20210112075309.0
008 - POLE O STAŁEJ DŁUGOŚCI - DANE KONTROLNE
podpole kontrolne o stałej długości 080904s1995 pl a f f |000 0 pol
015 ## - NUMER BIBLIOGRAFII NARODOWEJ
Numer bibliografii narodowej PB 2008/27118
020 ## - MIĘDZYNARODOWY ZNORMALIZOWANY NUMER KSIĄŻKI - ISBN
ISBN 8390166577
020 ## - MIĘDZYNARODOWY ZNORMALIZOWANY NUMER KSIĄŻKI - ISBN
ISBN 8390240904
040 ## - ŹRÓDŁO KATALOGOWANIA
Instytucja, która sporządziła opis WA N
Instytucja, która utworzyła rekord BPK
080 ## - UNIWERSALNA KLASYFIKACJA DZIESIĘTNA - UKD
UKD 330.101.54
080 ## - UNIWERSALNA KLASYFIKACJA DZIESIĘTNA - UKD
UKD 330.342.172
080 ## - UNIWERSALNA KLASYFIKACJA DZIESIĘTNA - UKD
UKD (07)
100 1# - NAZWA OSOBOWA
Nazwa osobowa Nasiłowski, Mieczysław
Daty związane z nazwą (1929-2004)
Określenie rodzaju współpracy Autor
245 10 - TYTUŁ/ODPOWIEDZIALNOŚĆ
Tytuł System rynkowy :
Ciąg dalszy tytułu podstawy mikro- i makroekonomii /
Pozostałe elementy strefy tytułu i oznaczenia odpowiedzialności Mieczysław Nasiłowski.
250 ## - STREFA WYDANIA
Oznaczenie wydania Wyd. 3 zm. i uzup.
260 ## - STREFA ADRESU WYDAWNICZEGO
Miejsce wydania Warszawa :
Nazwa wydawcy/dystrybutora Instytut Kształcenia Ekonomicznego PTE :
-- Wydawnictwo Key Text,
Data publikacji, dystrybucji/powstania dokumentu 1995.
300 ## - STREFA OPISU FIZYCZNEGO
Objętość 382, [1] s. :
Inne cechy fizyczne il. ;
Rozmiary 24 cm.
650 #4 - HASŁO PRZEDMIOTOWE W FORMIE NAZWY OGÓLNEJ LUB JEDNOSTKOWEJ
Nazwa ogólna lub geograficzna Ekonomia
655 #4 - TERMIN INDEKSOWY - OKREŚLENIE RODZAJU/FORMY DOKUMENTU
Określenie rodzaju/formy dokumentu Podręcznik
856 ## - LOKALIZACJA I DOSTĘP DO ELEKTRONICZNYCH DOKUMENTÓW ZDALNYCH
Link (URL) http://koha.tu.koszalin.pl/cgi-bin/koha/opac-detail.pl?biblionumber=31979
Tekst linku Katalog online BPK
856 ## - LOKALIZACJA I DOSTĘP DO ELEKTRONICZNYCH DOKUMENTÓW ZDALNYCH
Link (URL) http://libra.ibuk.pl/book/168101
Tekst linku IBUK
942 ## - DODATKOWE ELEMENTY (KOHA)
Schemat klasyfikacji Uniwersalna Klasyfikacja Dziesiętna
Typ dokumentu Książka
Egzemplarze
Wycofany Status egzemplarza Uszkodzony Dostępność Lokalizacja stała Lokalizacja bieżąca Numer ubytku Sygnatura Kod kreskowy Ostatnio wypożyczono Typ dokumentu Miejsce przechowywania
  Egz. niedostępny   Niedostępny Biblioteka Politechniki Koszalińskiej Biblioteka Politechniki Koszalińskiej 7946 40073 01268690 19.03.2015 Książka  
      Dostępny Biblioteka Politechniki Koszalińskiej Biblioteka Politechniki Koszalińskiej   42793 01314519 25.11.2017 Książka Wypożyczalnia BG
© 2023 Biblioteka Politechniki Koszalińskiej :: KOHA